LEADER 01777nam a2200385 a 4500 001 000000140859 003 CaOOAMICUS 005 20141211114719.0 008 141211s2014 it u000 u ita r 020 $a978-88-6689-552-7 040 $aPUL$bita 082 04$a348.45 110 1 $aItalia.$0(OLS)http://pul/name/1188 240 10$aCodice penale (2014).$0(OLS)http://pul/title/178221 245 10$aCodice penale e di procedura penale e leggi complementari /$ca cura di Luigi Alibrandi (per il codice penale) ; Piermaria Corso (per il codice di procedura penale) 250 $a40. ed. 260 $aPiacenza :$bCELT La Tribuna,$c©2014. 300 $a2043 p. ;$c19 cm 490 1 $aI codici vigenti 2014 500 $aComprende indici. 500 $aTesto su due colonne. 500 $aSulla cop.: Aggiornato con la riforma della messa alla prova e della sospensione del procedimento (L. 28/4/2014, n. 67). 630 04$aCodice penale$zItalia.$0(OLS)http://pul/subject/12325 650 4$aDiritto penale$zItalia.$0(OLS)http://pul/subject/10217 700 1 $aAlibrandi, Luigi.$0(OLS)http://pul/name/45474 700 1 $aCorso, Piermaria.$0(OLS)http://pul/name/35334 830 0$aCodici vigenti 2014.$0(OLS)http://pul/title/178215 850 $aPUL 852 $aPUL$W1$xDP2 Diritto e Scienze Sociali 3$y110$m348. 45 COD 3.1.23$j162627$qDDC 21$B162245$CPULBib$Z2$F162245 $H125113 $82 941 1 $a9 996 $6020$a978-88-6689-552-7$9(OLS)http://pul/number/156481 996 $6082$a348.45$9(OLS)http://pul/classification/373 996 $6245$aCodice penale e di procedura penale e leggi complementari$9(OLS)http://pul/title/178222 996 $6260$aPiacenza :$bCELT La Tribuna$9(OLS)http://pul/publisher/83033 LEADER 01197nam a2200301 u 4500 001 000000107734 003 CaOOAMICUS 005 20071018152143.0 008 071018s1992 it u000 u ita u 020 $a88-263-0805-5 040 $aPUL$bita$dLDB 041 1 $aita$hspa 100 1 $aVidal García, Marciano.$0(OLS)http://pul/name/52871 240 10$aPara conocer la etica cristiana.$lItaliano.$0(OLS)http://pul/title/135654 245 12$aL'etica cristiana /$cMarciano Vidal ; introduzione di Dalmazio Mongillo. 260 $aRoma :$bBorla,$cc1992. 300 $a581 p. ;$c21 cm. 490 1 $aSintesi 504 $aBibliografia in nota. 650 4$aEtica cristiana.$0(OLS)http://pul/subject/1395 700 1 $aMongillo, Dalmazio,$cO.P.$0(OLS)http://pul/name/35318 830 0$aSintesi (Borla).$0(OLS)http://pul/title/45951 850 $aPUL 852 $aPUL$W1$xSL Religione 1$y3$m37 D 6$j122516$qStampati$B121497$CPULBib$Z2$F121497 $H68594 $82 941 1 $a8 996 $6020$a88-263-0805-5$9(OLS)http://pul/number/135990 996 $6245$aL'etica cristiana$9(OLS)http://pul/title/135655 996 $6260$aRoma :$bBorla$9(OLS)http://pul/publisher/48061